[Event "Titled Tuesday intern op 16th Apr Early"]
[Site "Chess.com INT"]
[Date "2024.04.16"]
[Round "7"]
[White "Niemann, Hans Moke"]
[Black "Andreikin, Dmitry"]
[Result "1-0"]
[WhiteElo "2676"]
[BlackElo "2729"]
[PlyCount "65"]
[EventDate "2024.04.16"]
[EventType "swiss (blitz)"]
[EventRounds "11"]
[EventCountry "USA"]
[SourceTitle "CB17_2024"]
[SourceDate "2024.04.24"]
[SourceVersion "1"]
[SourceVersionDate "2024.04.24"]
[SourceQuality "1"]

1. e4 c5 2. Nf3 e6 3. d4 cxd4 4. Nxd4 a6 5. Nc3 Qc7 6. Be2 Nc6 7. Nxc6 bxc6 8. Qd3 Rb8 9. Qg3 Qxg3 10. hxg3 d5 11. b3 Nf6 12. Bb2 d4 13. Na4 Bb4+ 14. Kf1 e5 15. f3 Bd6 16. c3 c5 17. Ba3 Nd7 18. cxd4 exd4 19. Kf2 0-0 20. Rac1 f5 21. exf5 Rxf5 22. Bc4+ Kh8 23. Bd3 Ne5 24. Bxf5 Bxf5 25. Nb2 Rc8 26. Rhe1 d3 27. Re3 d2 28. Rd1 c4 29. Bxd6 c3 30. Rxc3 Rxc3 31. Bxe5 Rc2 32. Nc4 Rxa2 33. Rxd2 1-0

[Event "Titled Tuesday intern op 16th Apr Early"]
[Site "Chess.com INT"]
[Date "2024.04.16"]
[Round "4"]
[White "Niemann, Hans Moke"]
[Black "Pichot, Alan"]
[Result "1-0"]
[WhiteElo "2676"]
[BlackElo "2644"]
[PlyCount "91"]
[EventDate "2024.04.16"]
[EventType "swiss (blitz)"]
[EventRounds "11"]
[EventCountry "USA"]
[SourceTitle "CB17_2024"]
[SourceDate "2024.04.24"]
[SourceVersion "1"]
[SourceVersionDate "2024.04.24"]
[SourceQuality "1"]

1. e4 c5 2. Nf3 e6 3. d4 cxd4 4. Nxd4 Nc6 5. Bf4 d6 6. Nxc6 bxc6 7. c4 Rb8 8. Qc2 Nf6 9. Nc3 e5 10. Be3 Qa5 11. Bd2 Qb6 12. b3 Be7 13. Be2 0-0 14. 0-0 a5 15. Be3 Qc7 16. h3 Be6 17. Rac1 Rfc8 18. Rfd1 g6 19. Na4 Nd7 20. Qd2 Nc5 21. Nxc5 dxc5 22. Bg4 Rd8 23. Qc3 Bxg4 24. hxg4 f6 25. g3 a4 26. bxa4 Ra8 27. Rxd8+ Qxd8 28. Qb3 Rb8 29. Qc2 Qb6 30. Rd1 Qb2 31. Qd3 Rd8 32. Qb3 Rb8 33. Qxb2 Rxb2 34. a3 Rb3 35. Rd7 Kf8 36. Kg2 Ke8 37. Ra7 Rc3 38. a5 Rxc4 39. a6 Ra4 40. Kf1 Rxa3 41. Rxe7+ Kd8 42. Bxc5 Rxa6 43. Rxh7 Ra1+ 44. Kg2 Rc1 45. Be7+ Ke8 46. Bxf6 1-0

[Event "Titled Tuesday intern op 16th Apr Early"]
[Site "Chess.com INT"]
[Date "2024.04.16"]
[Round "9"]
[White "Santos Latasa, Jaime"]
[Black "Niemann, Hans Moke"]
[Result "1/2-1/2"]
[WhiteElo "2628"]
[BlackElo "2676"]
[PlyCount "155"]
[EventDate "2024.04.16"]
[EventType "swiss (blitz)"]
[EventRounds "11"]
[EventCountry "USA"]
[SourceTitle "CB17_2024"]
[SourceDate "2024.04.24"]
[SourceVersion "1"]
[SourceVersionDate "2024.04.24"]
[SourceQuality "1"]

1. e4 c5 2. Nf3 d6 3. d4 cxd4 4. Nxd4 Nf6 5. Nc3 a6 6. Be3 e5 7. Nb3 Be6 8. Qd2 Be7 9. 0-0-0 Nbd7 10. h3 Rc8 11. g4 h6 12. Kb1 b5 13. f4 Qc7 14. Qg2 Nb6 15. g5 hxg5 16. fxg5 Nh5 17. g6 f6 18. Qf2 Nc4 19. Bc1 Nf4 20. Bxf4 Nxb2 21. Bc1 Nxd1 22. Nxd1 d5 23. exd5 Bxd5 24. Bg2 Bxg2 25. Qxg2 Qc6 26. Qxc6+ Rxc6 27. Ne3 Rh5 28. Nd2 f5 29. Nf3 Bf6 30. Nd5 e4 31. Ne1 Rd6 32. Nf4 Rh8 33. Neg2 Kd7 34. Ne3 Be5 35. Nxf5 Bxf4 36. Bxf4 Rxg6 37. Rd1+ Ke6 38. Ne3 Rxh3 39. Rd6+ Kf7 40. Rd7+ Kg8 41. Re7 Rf6 42. Bg5 Rg6 43. Bf4 Rg1+ 44. Kb2 Re1 45. Nf5 Rf3 46. Rxg7+ Kf8 47. Bd6+ Ke8 48. Nd4 Rf7 49. Rg6 e3 50. Bb4 Rd1 51. Ne2 Rf3 52. Nc3 Rdf1 53. Rxa6 Kf7 54. Ra5 Rf5 55. Rxb5 Rxb5 56. Nxb5 e2 57. Nd4 e1Q 58. Bxe1 Rxe1 59. a4 Ke7 60. Kc3 Kd6 61. Nb3 Kc6 62. Kb4 Re4+ 63. c4 Re8 64. Na5+ Kb6 65. Nb3 Ka6 66. Nc5+ Ka7 67. a5 Rb8+ 68. Ka4 Rc8 69. Kb4 Rb8+ 70. Ka4 Rh8 71. Kb5 Rh5 72. Kb4 Rh1 73. Ka4 Rb1 74. Nb3 Ra1+ 75. Kb4 Rh1 76. Kb5 Rh8 77. Nc5 Rb8+ 78. Ka4 1/2-1/2

[Event "Titled Tuesday intern op 16th Apr Early"]
[Site "Chess.com INT"]
[Date "2024.04.16"]
[Round "8"]
[White "Svane, Frederik"]
[Black "Niemann, Hans Moke"]
[Result "1-0"]
[WhiteElo "2627"]
[BlackElo "2676"]
[PlyCount "71"]
[EventDate "2024.04.16"]
[EventType "swiss (blitz)"]
[EventRounds "11"]
[EventCountry "USA"]
[SourceTitle "CB17_2024"]
[SourceDate "2024.04.24"]
[SourceVersion "1"]
[SourceVersionDate "2024.04.24"]
[SourceQuality "1"]

1. e4 c5 2. Nf3 d6 3. d4 cxd4 4. Nxd4 Nf6 5. Nc3 a6 6. h3 e5 7. Nb3 h6 8. Be3 Nbd7 9. a4 b6 10. Bc4 Bb7 11. Qd3 Be7 12. 0-0 0-0 13. Rfd1 Qc7 14. Nd2 Rfc8 15. Bb3 Bc6 16. Nf1 Nc5 17. Bxc5 dxc5 18. Ne3 Rd8 19. Ncd5 Nxd5 20. Nxd5 Qb7 21. Qf3 Rf8 22. Qg3 b5 23. axb5 axb5 24. Rxa8 Rxa8 25. Qxe5 Bf8 26. Nc7 c4 27. Nxa8 Qxa8 28. Bxc4 bxc4 29. Qc7 Be8 30. Rd8 Qxe4 31. Qb8 Bc6 32. Rxf8+ Kh7 33. Rh8+ Kg6 34. Qg3+ Kf6 35. Rd8 Qxc2 36. Rd6+ 1-0

[Event "Karlsruhe Grenke op"]
[Site "Karlsruhe"]
[Date "2024.04.01"]
[Round "9"]
[White "Ivic, Velimir"]
[Black "Niemann, Hans Moke"]
[Result "0-1"]
[WhiteElo "2582"]
[BlackElo "2676"]
[PlyCount "86"]
[EventDate "2024.03.28"]
[EventType "swiss"]
[EventRounds "9"]
[EventCountry "GER"]
[SourceTitle "CB14_2024"]
[SourceDate "2024.04.01"]
[SourceVersion "1"]
[SourceVersionDate "2024.04.01"]
[SourceQuality "1"]

1. e4 c5 2. Nf3 d6 3. d4 cxd4 4. Nxd4 Nf6 5. Nc3 a6 6. Be3 e5 7. Nb3 Be6 8. f3 Be7 9. Qd2 h5 10. Nd5 Nxd5 11. exd5 Bf5 12. Be2 Bh4+ 13. g3 Be7 14. 0-0-0 a5 15. Bd3 Bd7 16. Kb1 a4 17. Nc1 Qa5 18. Qxa5 Rxa5 19. c4 f5 20. h3 Ra8 21. g4 g6 22. gxf5 gxf5 23. c5 Na6 24. cxd6 Bxd6 25. Rhg1 Kf7 26. a3 Rag8 27. Ne2 Nc5 28. Bc2 Nb3 29. h4 Be7 30. f4 Rxg1 31. Rxg1 e4 32. Nd4 Bxh4 33. Nxb3 axb3 34. Bxb3 Rh7 35. d6+ Be6 36. Ba4 Bd8 37. Rh1 h4 38. Bf2 Bd5 39. Rh3 Ke6 40. d7 Bc4 41. Kc1 b5 42. Bc2 Rxd7 43. Bxh4 Rh7 0-1

[Event "Titled Tuesday intern op 12th Mar Late"]
[Site "Chess.com INT"]
[Date "2024.03.12"]
[Round "2"]
[White "Munoz, Francisco Javier"]
[Black "Niemann, Hans Moke"]
[Result "0-1"]
[WhiteElo "2389"]
[BlackElo "2676"]
[PlyCount "35"]
[EventDate "2024.03.12"]
[EventType "swiss (blitz)"]
[EventRounds "11"]
[EventCountry "USA"]
[SourceTitle "CB12_2024"]
[SourceDate "2023.10.01"]
[SourceVersion "1"]
[SourceVersionDate "2023.10.01"]
[SourceQuality "1"]

1. e4 c6 2. c4 e5 3. Nf3 d6 4. Nc3 Bg4 5. h3 Bxf3 6. Qxf3 g6 7. g4 Nd7 8. b3 Nc5 9. h4 Be7 10. h5 Bg5 11. hxg6 fxg6 12. Bb2 Nf6 13. 0-0-0 a5 14. Kb1 a4 15. d4 exd4 16. Rxd4 axb3 17. e5 bxa2+ 18. Ka1 0-1

[Event "Titled Tuesday intern op 12th Mar Late"]
[Site "Chess.com INT"]
[Date "2024.03.12"]
[Round "8"]
[White "Niemann, Hans Moke"]
[Black "Demchenko, Anton"]
[Result "0-1"]
[WhiteElo "2676"]
[BlackElo "2609"]
[PlyCount "148"]
[EventDate "2024.03.12"]
[EventType "swiss (blitz)"]
[EventRounds "11"]
[EventCountry "USA"]
[SourceTitle "CB12_2024"]
[SourceDate "2023.10.01"]
[SourceVersion "1"]
[SourceVersionDate "2023.10.01"]
[SourceQuality "1"]

1. e4 e5 2. Nf3 Nc6 3. Bb5 a6 4. Ba4 Nge7 5. c3 Ng6 6. d4 exd4 7. Nxd4 Bc5 8. Be3 Nce5 9. Bb3 d6 10. h3 0-0 11. f4 Qh4+ 12. Bf2 Qxf4 13. Qe2 Qc1+ 14. Qd1 Nd3+ 15. Kf1 Qxd1+ 16. Bxd1 Nxb2 17. Bb3 Nd3 18. Be3 Bb6 19. Nd2 Nc5 20. Bc2 Ne5 21. Ke2 Ba5 22. Nb1 Nc4 23. Bf2 Re8 24. Kf3 Bd7 25. Re1 Ne5+ 26. Ke2 f5 27. Nb3 Bb5+ 28. Kd1 Ncd3 29. Re2 Nb2+ 30. Kc1 Bxe2 31. Kxb2 Bb6 32. Bxb6 Nc4+ 33. Kc1 Nxb6 34. exf5 Bf1 35. N1d2 Re1+ 36. Bd1 Bxg2 37. Kb2 Rae8 38. Nd4 Bxh3 39. N4f3 R1e3 40. Bb3+ d5 41. a4 c6 42. a5 Nd7 43. c4 Nc5 44. Bd1 Bxf5 45. Nd4 Bg6 46. cxd5 cxd5 47. N2b3 Nd3+ 48. Ka3 Nc5 49. Kb4 Nxb3 50. Bxb3 Bf7 51. Kc5 Rc3+ 52. Kb6 Re4 53. Rd1 Rxd4 54. Rxd4 Rxb3+ 55. Kc7 Rb5 56. Rf4 g6 57. Kd6 Kg7 58. Ke7 Bg8 59. Rf8 Rxa5 60. Rc8 Rb5 61. Rc7 d4 62. Kd6+ Kh6 63. Rc1 Bd5 64. Ke5 Bc6+ 65. Kxd4 Kg7 66. Re1 h5 67. Re7+ Kh6 68. Rc7 h4 69. Rc8 Kg5 70. Rh8 Rd5+ 71. Ke3 Rf5 72. Rd8 Rf3+ 73. Ke2 h3 74. Rh8 Kg4 0-1

[Event "Titled Tuesday intern op 12th Mar Early"]
[Site "Chess.com INT"]
[Date "2024.03.12"]
[Round "11"]
[White "Niemann, Hans Moke"]
[Black "Makarian, Rudik"]
[Result "1-0"]
[WhiteElo "2676"]
[BlackElo "2525"]
[PlyCount "87"]
[EventDate "2024.03.12"]
[EventType "swiss (blitz)"]
[EventRounds "11"]
[EventCountry "USA"]
[SourceTitle "CB12_2024"]
[SourceDate "2023.10.01"]
[SourceVersion "1"]
[SourceVersionDate "2023.10.01"]
[SourceQuality "1"]

1. e4 c5 2. Nf3 d6 3. Bb5+ Nd7 4. 0-0 Ngf6 5. Re1 a6 6. Bf1 b5 7. a4 b4 8. d4 cxd4 9. Qxd4 Rb8 10. e5 dxe5 11. Nxe5 Nxe5 12. Qxe5 Bb7 13. Bf4 Rc8 14. Nd2 e6 15. Nc4 Nd5 16. Rad1 Qf6 17. Qxf6 gxf6 18. Bg3 h5 19. h4 Bc5 20. Na5 Ba8 21. Bxa6 Rd8 22. Nb7 Bxb7 23. Bxb7 Nb6 24. b3 Ke7 25. a5 Nc8 26. a6 Nd6 27. Rd3 Nxb7 28. axb7 Rxd3 29. cxd3 e5 30. Rxe5+ fxe5 31. Bxe5 Rg8 32. b8Q Rxb8 33. Bxb8 Ke6 34. Bf4 Kd5 35. Be3 Be7 36. g3 f5 37. Kg2 Bf6 38. f3 Be7 39. Kh3 Bd6 40. g4 hxg4+ 41. fxg4 f4 42. Bf2 f3 43. g5 Ke5 44. Kg4 1-0

[Event "Titled Tuesday intern op 27th Feb Late"]
[Site "Chess.com INT"]
[Date "2024.02.27"]
[Round "6"]
[White "Miladinovic, Igor"]
[Black "Niemann, Hans Moke"]
[Result "1-0"]
[WhiteElo "2489"]
[BlackElo "2675"]
[PlyCount "69"]
[EventDate "2024.02.27"]
[EventType "swiss (blitz)"]
[EventRounds "11"]
[EventCountry "USA"]
[SourceTitle "CB10_2024"]
[SourceDate "2024.03.06"]
[SourceVersion "1"]
[SourceVersionDate "2024.03.06"]
[SourceQuality "1"]

1. d4 Nf6 2. Bg5 d5 3. Bxf6 gxf6 4. e3 c5 5. c4 cxd4 6. exd4 Bg7 7. cxd5 Qxd5 8. Nc3 Qa5 9. Bd3 Nc6 10. d5 Ne5 11. Bb5+ Bd7 12. Bxd7+ Nxd7 13. Nge2 0-0 14. 0-0 Nb6 15. Ng3 e6 16. Nh5 f5 17. Nxg7 Kxg7 18. Qd4+ e5 19. Qxe5+ f6 20. Qxf5 Rae8 21. Rad1 Re5 22. Qg4+ Kh8 23. d6 Rg5 24. Qf3 Nc4 25. d7 Ne5 26. Qxb7 Rgg8 27. g3 Qc5 28. Qd5 Qe7 29. f4 Ng4 30. Rfe1 Qd8 31. Rd2 Rg7 32. Kg2 Rfg8 33. Re6 h5 34. Re8 Rxe8 35. Qxh5+ 1-0

[Event "Titled Tuesday intern op 13th Feb Late"]
[Site "Chess.com INT"]
[Date "2024.02.13"]
[Round "6"]
[White "Niemann, Hans Moke"]
[Black "Baskakov, Egor"]
[Result "1-0"]
[WhiteElo "2675"]
[BlackElo "2215"]
[PlyCount "79"]
[EventDate "2024.02.13"]
[EventType "swiss (blitz)"]
[EventRounds "11"]
[EventCountry "USA"]
[SourceTitle "CB08_2024"]
[SourceDate "2024.02.21"]
[SourceVersion "1"]
[SourceVersionDate "2024.02.21"]
[SourceQuality "1"]

1. e4 c5 2. Nf3 Nf6 3. e5 Nd5 4. Nc3 e6 5. g3 Nc6 6. Bg2 d6 7. exd6 Bxd6 8. 0-0 0-0 9. d3 Nxc3 10. bxc3 Rb8 11. Re1 b6 12. Ng5 Bb7 13. Qh5 h6 14. Ne4 Be7 15. g4 f5 16. Ng3 f4 17. Ne4 f3 18. Bh3 Qe8 19. Qxe8 Rbxe8 20. g5 Ne5 21. gxh6 g6 22. Nxc5 Bxc5 23. Rxe5 Kh7 24. Bg5 Bd6 25. Rxe6 Rxe6 26. Bxe6 Re8 27. Bb3 Re2 28. h4 Bc8 29. a4 Bh3 30. d4 Bg2 31. Rd1 a6 32. c4 a5 33. c5 bxc5 34. dxc5 Be5 35. Rd7+ Kh8 36. Rd8+ Kh7 37. Bg8+ Kh8 38. Bc4+ Kh7 39. Bxe2 fxe2 40. Bd2 1-0

[Event "Titled Tuesday intern op 13th Feb Early"]
[Site "Chess.com INT"]
[Date "2024.02.13"]
[Round "9"]
[White "Xiong, Jeffery"]
[Black "Niemann, Hans Moke"]
[Result "1-0"]
[WhiteElo "2659"]
[BlackElo "2675"]
[PlyCount "75"]
[EventDate "2024.02.13"]
[EventType "swiss (blitz)"]
[EventRounds "11"]
[EventCountry "USA"]
[SourceTitle "CB08_2024"]
[SourceDate "2024.02.21"]
[SourceVersion "1"]
[SourceVersionDate "2024.02.21"]
[SourceQuality "1"]

1. d4 Nf6 2. c4 e6 3. Nc3 Bb4 4. Nf3 b6 5. e3 0-0 6. Bd3 d5 7. cxd5 exd5 8. 0-0 c5 9. Bd2 Nc6 10. a3 Bxc3 11. Bxc3 c4 12. Bc2 Bg4 13. h3 Bh5 14. g4 Bg6 15. Ne5 Bxc2 16. Qxc2 Rc8 17. f3 Re8 18. Rad1 b5 19. e4 Qb6 20. Kh1 a5 21. Nxc6 Rxc6 22. e5 b4 23. axb4 axb4 24. Be1 Nd7 25. Qa4 c3 26. bxc3 b3 27. Rb1 Rb8 28. Rxb3 Qxb3 29. Qxc6 Nb6 30. e6 fxe6 31. Qxe6+ Kh8 32. Bg3 Rg8 33. Be5 Qb2 34. Qf7 Nc4 35. Re1 Ne3 36. Bxg7+ Rxg7 37. Qe8+ Rg8 38. Qxe3 1-0

[Event "Titled Tuesday intern op 06th Feb Early"]
[Site "Chess.com INT"]
[Date "2024.02.06"]
[Round "3"]
[White "Masruri, Rahman"]
[Black "Niemann, Hans Moke"]
[Result "1-0"]
[WhiteElo "2281"]
[BlackElo "2675"]
[PlyCount "89"]
[EventDate "2024.02.06"]
[EventType "swiss (blitz)"]
[EventRounds "11"]
[EventCountry "USA"]
[SourceTitle "CB07_2024"]
[SourceDate "2024.02.14"]
[SourceVersion "1"]
[SourceVersionDate "2024.02.14"]
[SourceQuality "1"]

1. d4 Nf6 2. Bf4 g6 3. Nc3 d5 4. e3 Bg7 5. h4 h5 6. Nf3 Bg4 7. Qd2 Bxf3 8. gxf3 c6 9. 0-0-0 Nbd7 10. e4 e6 11. e5 Ng8 12. Bg5 Bh6 13. f4 Bxg5 14. fxg5 Ne7 15. Bd3 a6 16. Ne2 c5 17. c3 Qb6 18. Kb1 0-0-0 19. Rc1 Kb8 20. Rh3 Rc8 21. Rf3 Rhf8 22. Bc2 Qb5 23. Qd1 Nb6 24. Bd3 Qa5 25. dxc5 Qxc5 26. Nd4 Nc6 27. Nb3 Qe7 28. Qe2 Qc7 29. Re3 Rfd8 30. Rc2 Na4 31. f4 Qb6 32. Rg3 Na5 33. Nxa5 Qxa5 34. Ka1 Rc6 35. Rg1 Rdc8 36. Rgc1 Rb6 37. b4 Rxb4 38. cxb4 Rxc2 39. Bxc2 Qxb4 40. Bxa4 Qxa4 41. Qd2 Qe4 42. Re1 Qf3 43. Qb4 Qf2 44. Rb1 b5 45. Rc1 1-0